LEADER 01626nam 2200421 n 450 001 996397599703316 005 20200818212956.0 035 $a(CKB)4940000000064885 035 $a(EEBO)2240897251 035 $a(UnM)99828016e 035 $a(UnM)99828016 035 $a(EXLCZ)994940000000064885 100 $a19950324d1658 uy | 101 0 $alat 135 $aurbn||||a|bb| 200 10$aBellum grammaticale$b[electronic resource] $eAd exemplar Mri. Alexandri Humii, in gratiam eorum, qui am?niores Musas venerantur, editum 210 $aEdinburgi $cexcudebat, Gideon Lithgo$danno Dom. 1658 215 $a[6], 74 p 300 $aAttributed by STC and Wing to Andrea Guarna. 300 $aA dramatized version of: Guarna, Andrea. Bellum grammaticale nominis & verbi regum, de principalitate orationis inter se contendentium; sometimes attributed to Leonard Hutton. Cf. STC. 300 $aCopy stained and closely cropped at head and foot. 300 $aReproduction of the original in the British Library. 330 $aeebo-0018 606 $aLatin language$xGrammar$vEarly works to 1800 606 $aLatin language$xGrammar$xHumor$vEarly works to 1800 615 0$aLatin language$xGrammar 615 0$aLatin language$xGrammar$xHumor 700 $aGuarna$b Andrea$0479360 701 $aIrvine$b Christopher$ffl. 1638-1685.$01004770 701 $aHutten$b Leonard$cattributed name.$01004771 801 0$bCu-RivES 801 1$bCu-RivES 801 2$bCStRLIN 801 2$bWaOLN 906 $aBOOK 912 $a996397599703316 996 $aBellum grammaticale$92308566 997 $aUNISA LEADER 03522 am 2200577 n 450 001 9910510401903321 005 20211011 010 $a2-7351-2848-2 024 7 $a10.4000/books.editionsmsh.50182 035 $a(CKB)5600000000080028 035 $a(FrMaCLE)OB-editionsmsh-50182 035 $a(oapen)https://directory.doabooks.org/handle/20.500.12854/85067 035 $a(PPN)259392936 035 $a(EXLCZ)995600000000080028 100 $a20211102j|||||||| ||| 0 101 0 $afre 135 $auu||||||m|||| 181 $ctxt$2rdacontent 182 $cc$2rdamedia 183 $acr$2rdacarrier 200 13$aLa loi de 1905 n'aura pas lieu. Histoire politique de Séparations des Églises (1902-1908) $etome II - La loi de 1905, légendes et réalités /$fJean Baubérot 210 $aParis $cÉditions de la Maison des sciences de l?homme$d2021 215 $a1 online resource (602 p.) 225 1 $a54 311 $a2-7351-2784-2 330 $aAlors que les débats sur la laïcité sont nombreux et vifs, il est essentiel de revenir sur le processus qui a conduit à loi de 1905, séparant les Églises et l'État. Jamais une «?loi de liberté?» (A. Briand), n?aurait dû advenir car deux France ? la «?fille aînée de l?Église?» et celle issue de la Révolution ? se combattaient, entraînant le pays vers une «?guerre civile?». Or un retournement de situation se produit. La loi la plus importante de la Troisième République s?élabore avec des majorités variables, issues des deux camps antagonistes. Ce résultat découle de la superposition de deux conflits ; en effet à cette «?guerre?» séculaire de deux France s?ajoute une très inattendue «?guerre?» des gauches, significativement oubliée, qui met aux prises Jaurès et Clemenceau. En définitive se réalise un «?équilibre des frustrations?», fondé sur de nombreux paradoxes. Cette étude, de loin la plus complète jamais rédigée sur une loi plus célèbre que connue, renouvelle son approche en traquant les oublis mémoriels, en montrant l?importance du contexte international (guerre russo-japonaise), la référence à des modèles étrangers (Mexique, États-Unis?), les stratégies des forces politiques et religieuses, les différentes visions de la Séparation qui se sont opposées et les stratagèmes victorieux de Briand, oscillant entre Weber et Marivaux. L?auteur énonce 32 thèses novatrices : elles permettent de comprendre pourquoi une loi, qui semblait irréalisable, est devenue un fait historique majeur, toujours actuel en notre xxie siècle, où la liberté de conscience et la neutralité de la puissance publique, bref la laïcité, sont plus que jamais au premier plan de nos préoccupations. 606 $aReligion 606 $aHistory 606 $aétat 606 $ahistoire de France 606 $alaïcité 606 $apolitique 606 $areligion 610 0$aEuropean history 610 0$asecularism 610 0$afrench history 610 0$apolitics 610 0$areligion 615 4$aReligion 615 4$aHistory 615 4$aétat 615 4$ahistoire de France 615 4$alaïcité 615 4$apolitique 615 4$areligion 700 $aBaubérot$b Jean$0385040 801 0$bFR-FrMaCLE 906 $aBOOK 912 $a9910510401903321 996 $aLa loi de 1905 n'aura pas lieu. Histoire politique de Séparations des Églises (1902-1908)$92913979 997 $aUNINA